Voz de Centroamérica en la 16ª Reunión de la Asamblea de Gobernadores del BID /

Salvato in:
Dettagli Bibliografici
Autore principale: Mártínez L, Juan José
Natura: testo
Soggetti:
BID
Tags: Aggiungi Tag
Nessun Tag, puoi essere il primo ad aggiungerne!!

MARC

LEADER 00000 a a2200000 04500
001 2571
003
040
100 |a Mártínez L, Juan José  
245 |a Voz de Centroamérica en la 16ª Reunión de la Asamblea de Gobernadores del BID /  |c Juan José Mártínez L 
650 |a BID  
773 |g número 165; páginas 20-28  
999 |c 32170  |d 32170